Návrh opatrení na zlepšenie spolupráce zamestnancov v kontexte rôznych generácií zamestnancov v priemyselnom podniku

Uložené v:
Podrobná bibliografia
Hlavný autor: Šlabjarova, Eva (Autor)
Ďalší autori: Haladová, Mária (Vedúci práce)
Médium: Rukopis Kniha
Jazyk:Slovak
Vydavateľské údaje: 2021
Predmet:
On-line prístup:http://is.stuba.sk/zp/portal_zp.pl?podrobnosti=153367
Tagy: Pridať tag
Žiadne tagy, Buďte prvý, kto otaguje tento záznam!

MARC

LEADER 00000ntm a22000003a 4500
001 stuzp83361
003 SK-STU
005 20210703211813.5
007 ta
008 150427s2015----xo-----f-mn---000-0-slo-d
040 |a STU  |b slo 
041 0 |a slo 
100 1 |a Šlabjarova, Eva  |u 064000  |4 aut  |U MTF Materiálovotechnologická fakulta  |T MTF Ústav priemyselného inžinierstva a manažmentu  |X 99640  |U M4000  |Y 84  |7 99640 
242 0 1 |a Proposal of measures to improve employee cooperation in the context of various generations of employees in an industrial company  |y eng 
245 1 0 |a Návrh opatrení na zlepšenie spolupráce zamestnancov v kontexte rôznych generácií zamestnancov v priemyselnom podniku 
260 |c 2021 
650 4 |a odmeňovanie  |2 slo 
650 4 |a generácia Baby Boomers  |2 slo 
650 4 |a generácia X  |2 slo 
650 4 |a generácia Y  |2 slo 
650 4 |a generácia Z  |2 slo 
650 4 |a konflikty  |2 slo 
650 4 |a Baby Boomers generation  |2 eng 
650 4 |a generation X  |2 eng 
650 4 |a generation Y  |2 eng 
650 4 |a generation Z  |2 eng 
650 4 |a conflicts  |2 eng 
650 4 |a remuneration  |2 eng 
700 1 |a Haladová, Mária  |u 064000  |k Z3  |4 ths  |U MTF Materiálovotechnologická fakulta  |T MTF Ústav priemyselného inžinierstva a manažmentu  |X 71724  |U M4000  |Y 84  |7 71724 
856 4 |u http://is.stuba.sk/zp/portal_zp.pl?podrobnosti=153367 
996 |c M* BP-9217  |l MMSKP  |s P  |a 0  |w stuzp83361_0001